| 000 | 01312nam a2200289 i 4500 | ||
|---|---|---|---|
| 001 | 768714001 | ||
| 003 | CO-MdFUSB | ||
| 005 | 20210921153353.0 | ||
| 007 | ta | ||
| 008 | 200602n ck ad||| |||| 00| 0 spa d | ||
| 020 | _a[No incluye ISBN] | ||
| 040 |
_aCO-MdFUSB _bspa _cCO-MdFUSB _dCO-MdFUSBC _erda |
||
| 041 | _aspa | ||
| 110 | _aMinisterio de enseñanza y evangelización | ||
| 245 | 1 |
_aIntroducción al canon bíblico _b: guía del maestro _c/ Ministerio de enseñanza y evangelización |
|
| 264 | 1 |
_aBogotá, Colombia : _bEdiciones Bíblicas de Colombia, _c[Fecha de publicación no identificada] |
|
| 300 |
_c11 páginas ; _a28 cm |
||
| 336 |
_2rdacontent _atexto _btxt |
||
| 337 |
_2rdamedia _asin mediación _bn |
||
| 338 |
_2rdacarrier _avolumen _bnc |
||
| 505 | _aEstudio deductivo de la biblia -- Qué contiene la biblia -- Cómo esa dividida la biblia -- División del Antiguo y del Nuevo Testamento. | ||
| 520 | _aLos libros Historicos a su vez, se subdividen en dos grupos de libros, el Pentateuco que contiene la historia primitiva de Israel y los libros propiamente llamados Históricos (El alumno ya ubicado en el lado A de la tabla N.1, debe ahora dirigirse al lugar de la SALIDA) | ||
| 563 | _aRústico | ||
| 650 | 7 |
_9320 _aTeología bíblica |
|
| 942 | _cBK | ||
| 945 |
_aDani _bAEM-53 |
||
| 999 |
_c65974 _d65974 |
||